Quimica 7 egb /
Guardado en:
| Autor Principal: | |
|---|---|
| Formato: | Libro |
| Publicado: |
Buenos Aires :
Stella,
2004
|
| Materias: | |
| Etiquetas: |
Agregar Etiqueta
Sin Etiquetas, Sea el primero en etiquetar este registro!
|
| LEADER | 01086nam a22002535a 4500 | ||
|---|---|---|---|
| 001 | CEM.cems011820 | ||
| 005 | 20070621185251.0 | ||
| 008 | 130507s2004##################000#0#####d | ||
| 003 | CEMS | ||
| 020 | |a 9505253532 | ||
| 082 | 0 | 4 | |a 540 |
| 100 | 1 | |a Mautino, José María | |
| 245 | 1 | 0 | |a Quimica 7 egb / |c José María Mautino |
| 260 | |a Buenos Aires : |b Stella, |c 2004 | ||
| 300 | |a 127 p. | ||
| 505 | 0 | |a El mundo de la química -- Las ciencias naturales -- La materia -- La energía -- Los sistemas materiales -- Los elementos químicos -- Moléculas y compuestas -- Las transformaciones de la materia y la energía -- Los cambios materiales -- Los materiales y los recursos -- Los recursos naturales -- La biosfera -- El agua -- Aguas duras -- Aire -- Los ciclos de la materia o biogeoquímicos | |
| 653 | |a Química | ||
| 653 | |a Química-7 egb | ||
| 653 | |a Agua- contaminación | ||
| 653 | |a Aire-contaminación | ||
| 653 | |a Ciclo del oxígeno | ||
| 653 | |a Ciclo del nitrógeno | ||
| 653 | |a Ciclo del carbono | ||
| 859 | |a CEMS |b BIB. CEMS - 11 de abril |h 540 |i M449 |p 22878.05 |t Ej.1 |v 7º |3 7º | ||
